La escuela cotidiana / (Registro nro. 14928)

Detalles MARC
000 -LIDER
fixed length control field 01070nam a22003137a 4500
003 - IDENTIFICACDOR DE NÚMERO DE CONTROL
control field DO-SdBPM
005 - DATE AND TIME OF LATEST TRANSACTION
control field 20250203115301.0
007 - CAMPOS FIJOS DE DESCRIPCIÓN FÍSICA
fixed length control field ta
008 - ELEMENTOS DE LONGITUD FIJA
fixed length control field 211108b2014 mx | 00| 0 spa d
020 ## - ISBN
International Standard Book Number 9789681645243
040 ## - FUENTE DE CATALOGACIÓN
Agencia que crea de manera original el registro DO-SdBPM
Idioma de catalogación spa
Agencia que realiza la transcripción BPMSU
082 #4 - NÚMERO DE CLASIFICACIÓN DECIMAL DE DEWEY
Classification number 372.972
Item number E74c 2014
Edition number 22
245 03 - MENCIÓN DE TITULO
Título La escuela cotidiana /
Mención de responsabilidad coordinadora Elsie Rockwell ; Citlali Aguilar ... [et al.].
Subtítulo
260 ## - PUBLICACIÓN, DISTRIBUCIÓN, ETC. (PIE DE IMPRENTA)
Lugar de publicación, distribución, etc México D.F :
Nombre del editor, distribuidor, etc. Fondo de Cultura Económica,
Fecha de publicación, distribución, etc 2014
Nombre del editor, distribuidor, etc.
300 ## - DESCRIPCIÓN FÍSICA
Extensión a238 p. ;
Dimensiones 21 cm.
490 0# - MENCIÓN DE SERIES
Mención de serie Sección de obras de educación y pedagogía
500 ## - NOTA GENERAL
Nota general
500 ## - NOTA GENERAL
Nota general Incluye referencias bibliográficas y notas al pie de las páginas.
504 ## - NOTA DE BIBLIOGRAFÍA, ETC.
Bibliography, etc Incluye bibliografía.
590 ## - NOTA LOCAL
Texto de la nota local Inventariado, 2025 /VM<br/>
650 #4 - ENCABEZAMIENTO DE MATERIA--TEMÁTICO
Término temático o nombre geográfico como elemento de entrada Educación primaria
Subdivisión geográfica México.
650 #4 - ENCABEZAMIENTO DE MATERIA--TEMÁTICO
Término temático o nombre geográfico como elemento de entrada Comunidad y escuela
Subdivisión geográfica México.
650 #4 - ENCABEZAMIENTO DE MATERIA--TEMÁTICO
Término temático o nombre geográfico como elemento de entrada Educación
Subdivisión temática general Investigaciones.
700 1# - ASIENTO SECUNDARIO -- NOMBRE PERSONAL
Nombre personal Rockwell, Elsie.
Mención de responsabilidad coord.
700 1# - ASIENTO SECUNDARIO -- NOMBRE PERSONAL
Nombre personal Aguilar, Citlali.
Mención de responsabilidad
710 2# - ASIENTO SECUNDARIO -- NOMBRE CORPORATIVO
Nombre corporativo o de jurisdicción Fondo de Cultura Económica
910 ## - VALIDACIÓN
Validación VMateo V. Control de calidad. BPMSU
942 ## - ADDED ENTRY ELEMENTS (KOHA)
Source of classification or shelving scheme Dewey Decimal Classification
Koha item type Libros
Existencias
Withdrawn status Lost status Source of classification or shelving scheme Damaged status Not for loan Collection code Home library Current library Date acquired Source of acquisition Total Checkouts Full call number Barcode Date last seen Price effective from Koha item type
    Dewey Decimal Classification     Colección General Biblioteca Pública Metropolitana Salomé Ureña Biblioteca Pública Metropolitana Salomé Ureña 02/03/2025 Fondo de Cultura Económica   BPMDU CG 372.972 E74c 2014 BPMSU25020003 02/03/2025 02/03/2025 Libros